000 00677nam a2200205Ii 4500
003 JO-AjNU
008 230605s9999||||xx |||||||||||||| ||und||
017 _a2008/10/3146
040 _aJO-AjNU
_bara
_erda
_cJO-AjNU
041 _aara
050 1 4 _aDS62.9.T439 2008
100 3 _aبقلم عضو جمعية عربية سرية,
_eauthor
_948696
245 0 0 _aثورة العرب الكبرى 1916
264 3 1 _aعمان: وزارة الثقافة، 2008
300 _a251ص
336 _atext
_btxt
_2rdacontent
337 _aunmediated
_bn
_2rdamedia
338 _avolume
_bnc
_2rdacarrier
650 4 _aالثورة العربية الكبرى - تاريخ -1916
_948697
999 _aA21343
_c24911
_d24911